Xây dựng hệ thống bài giảng thí nghiệm Vật lý bằng phương pháp truyền thông đa phương tiện

Đã lưu trong:
Chi tiết về thư mục
Tác giả chính: Nguyễn Bảo Hoàng Thanh TS. (Chủ nhiệm đề tài)
Định dạng: Sách
Được phát hành: 2011
Các nhãn: Thêm thẻ
Không có thẻ, Là người đầu tiên thẻ bản ghi này!
Thư viện lưu trữ: Mạng thư viện Đại học Đà Nẵng
LEADER 00786nam a2200229 4500
001 000021071
003 17518
005 20150403140451.0
008 150403s2011 sd
100 1 |a Nguyễn Bảo Hoàng Thanh  |c TS.  |e Chủ nhiệm đề tài 
245 1 0 |a Xây dựng hệ thống bài giảng thí nghiệm Vật lý bằng phương pháp truyền thông đa phương tiện  |c Nguyễn Bảo Hoàng Thanh 
260 |c 2011 
500 |a Đề tài NCKH cấp Đại học Đà Nẵng . Mã số : Đ 2011-03-11 
OWN |a LSP 
999 |a From the UDN01 
TYP |a Mixed Materials 
TYP |a Monograph 
TYP |a Printed language 
980 |a Mạng thư viện Đại học Đà Nẵng